Les principes de marxisme-leninisme (Registro nro. 105398)
[ vista simple ]
| 000 -LEADER | |
|---|---|
| campo de control de longitud fija | 00498nam a2200181 i 4500 |
| 001 - NÚMERO DE CONTROL | |
| campo de control | 105398 |
| 003 - IDENTIFICADOR DE NÚMERO DE CONTROL | |
| campo de control | ES-MaACL |
| 007 - CAMPO FIJO DE DESCRIPCIÓN FÍSICA--INFORMACIÓN GENERAL | |
| campo de control de longitud fija | t| |
| 008 - DATOS DE LONGITUD FIJA--INFORMACIÓN GENERAL | |
| campo de control de longitud fija | 060705q19601969xxr ||||1| fre d |
| 080 ## - NÚMERO DE LA CLASIFICACIÓN DECIMAL UNIVERSAL | |
| Número de la Clasificación Decimal Universal | 330.85 |
| 245 04 - MENCIÓN DEL TÍTULO | |
| Título | Les principes de marxisme-leninisme |
| Resto del título | : manuel. |
| 250 ## - MENCION DE EDICION | |
| Mención de edición | 2e éd. |
| 260 ## - PUBLICACIÓN, DISTRIBUCIÓN, ETC. | |
| Lugar de publicación, distribución, etc. | Moscou : |
| Nombre del editor, distribuidor, etc. | Editions du Progrès, |
| Fecha de publicación, distribución, etc. | [196-?] |
| 300 ## - DESCRIPCIÓN FÍSICA | |
| Extensión | 742 p. ; |
| Dimensiones | 22 cm. |
| 500 ## - NOTA GENERAL | |
| Nota general | Biblioteca Juan Andrade. |
| 650 14 - PUNTO DE ACCESO ADICIONAL DE MATERIA--TÉRMINO DE MATERIA | |
| Término de materia o nombre geográfico como elemento de entrada | Marxismo-leninismo. |
| 9 (RLIN) | 14808 |
| 852 ## - LOCALIZACIÓN | |
| Ubicación | ES-MaACL |
| Número de control de estantería | AND-194 |
| Sublocalización o colección | R.109514 |
| Estatus retirado | Estado de pérdida | Estado de daño | No para préstamo | Biblioteca de origen | Biblioteca actual | Ubicación en estantería | Fecha de adquisición | Fuente de adquisición | Total de préstamos | Signatura topográfica completa | Código de barras | Visto por última vez | Precio de reemplazo | Tipo de ítem Koha |
|---|---|---|---|---|---|---|---|---|---|---|---|---|---|---|
| Biblioteca del Ateneo de Madrid | Biblioteca del Ateneo de Madrid | Depósito 2 | 17/01/2008 | AND-194 | 1110030 | 23/02/2023 | 23/02/2023 | Libro impreso |
